[Event "IRI-ch U12 Girls"]
[Site "Chess.com INT"]
[Date "2021.01.16"]
[Round "8"]
[White "Hashemi, Niayesh"]
[Black "Rezaei, Yekta"]
[Result "0-1"]
[WhiteElo "1003"]
[BlackElo "1193"]
[PlyCount "162"]
[EventDate "2021.01.16"]
[EventType "swiss"]
[EventRounds "9"]
[EventCountry "IRI"]
[SourceTitle "EXT 2022"]
[Source "ChessBase"]
[SourceDate "2021.10.06"]
[SourceVersion "1"]
[SourceVersionDate "2021.10.06"]
[SourceQuality "1"]

1. e4 c5 2. Nf3 e6 3. d4 cxd4 4. Nxd4 Nf6 5. Nc3 Bb4 6. Qd3 Nc6 7. Bg5 0-0 8. 0-0-0 Bxc3 9. Qxc3 Nxe4 10. Bxd8 Nxc3 11. bxc3 Rxd8 12. Bd3 d5 13. f3 Ne5 14. Be2 Nc4 15. Rde1 Bd7 16. g4 a5 17. h4 a4 18. Bxc4 dxc4 19. a3 b5 20. h5 Re8 21. f4 f6 22. g5 e5 23. fxe5 fxe5 24. Ne2 Bc6 25. Rhg1 Rad8 26. Ng3 e4 27. Nf5 Re5 28. Ne3 Rf8 29. Re2 Rf3 30. Kd2 Kf7 31. g6+ hxg6 32. hxg6+ Ke6 33. Rge1 Rg5 34. Nf1 Rxg6 35. Ne3 Rgg3 36. Nf1 Rh3 37. Ne3 g5 38. Rg1 Kf6 39. Ng4+ Kf5 40. Ne3+ Kg6 41. Rgg2 Rhg3 42. Rxg3 Rxg3 43. Nf1 Rf3 44. Ne3 Kh5 45. Rh2+ Kg6 46. Rg2 Bd7 47. Re2 Kh5 48. Rh2+ Bh3 49. Ke2 g4 50. Nf1 Rxf1 51. Ke3 Rf3+ 52. Kxe4 Rxc3 53. Kd5 Rxa3 54. Kc5 Kh4 55. Kxb5 g3 56. Rh1 g2 57. Rg1 c3 58. Kb4 Ra2 59. Kxc3 Kg3 60. Kd3 Kf2 61. Rc1 g1Q 62. Rxg1 Kxg1 63. c4 Rb2 64. c5 a3 65. Kc3 Rb8 66. Kd4 a2 67. c6 a1Q+ 68. Kd5 Rc8 69. Kd6 Qd1+ 70. Kc5 Qc1+ 71. Kb4 Rxc6 72. Ka4 Qc4+ 73. Ka3 Qa6+ 74. Kb2 Rb6+ 75. Kc3 Qc8+ 76. Kd4 Rd6+ 77. Ke5 Qe6+ 78. Kf4 Qe7 79. Kg3 Qf7 80. Kh4 Rg6 81. Kxh3 Qh7# 0-1

[Event "IRI-ch U12 Girls"]
[Site "Chess.com INT"]
[Date "2021.01.16"]
[Round "6"]
[White "Hashemi, Niayesh"]
[Black "Rostami, Setayesh"]
[Result "1-0"]
[WhiteElo "1003"]
[BlackElo "1201"]
[PlyCount "91"]
[EventDate "2021.01.16"]
[EventType "swiss"]
[EventRounds "9"]
[EventCountry "IRI"]
[SourceTitle "EXT 2022"]
[Source "ChessBase"]
[SourceDate "2021.10.06"]
[SourceVersion "1"]
[SourceVersionDate "2021.10.06"]
[SourceQuality "1"]

1. e4 e5 2. d4 exd4 3. c3 dxc3 4. Bc4 Nc6 5. Nxc3 Nf6 6. Nf3 Bb4 7. 0-0 0-0 8. Bg5 h6 9. Bh4 Be7 10. Bg3 Na5 11. Bd3 Nc6 12. Bc2 Bb4 13. Qd3 Bxc3 14. bxc3 d6 15. Bh4 g5 16. Bg3 Re8 17. Rfe1 Bg4 18. h3 Bxf3 19. Qxf3 Ne5 20. Qe2 Qd7 21. f4 gxf4 22. Bxf4 Kh7 23. Rf1 Qe7 24. Qf2 Ng6 25. Rae1 Rg8 26. e5 Nh5 27. exd6 Qf6 28. dxc7 Nhxf4 29. Qxf4 Qxf4 30. Rxf4 Kg7 31. Rc4 Rac8 32. Bf5 Ra8 33. c8Q Raxc8 34. Rxc8 Rxc8 35. Bxc8 Nf4 36. Bxb7 Nxh3+ 37. gxh3 a5 38. c4 a4 39. c5 a3 40. c6 f5 41. c7 f4 42. c8Q f3 43. Qc6 f2+ 44. Kxf2 h5 45. Re7+ Kf8 46. Qe8# 1-0